书目信息 |
| 题名: |
隧道工程
|
|
| 作者: | 彭立敏 , 刘小兵 主编 | |
| 分册: | ||
| 出版信息: | 长沙 中南大学出版社 2009.09 |
|
| 页数: | 329页 | |
| 开本: | 28cm | |
| 丛书名: | ||
| 单 册: | ||
| 中图分类: | U45 | |
| 科图分类: | ||
| 主题词: | 隧道工程 | |
| 电子资源: | ||
| ISBN: | 7-81105-844-8 | |
| 000 | 00621nam0 2200205 450 | |
| 001 | 1355260013 | |
| 005 | 20130530152243.87 | |
| 010 | @a7-81105-844-8@dCNY45.00 | |
| 100 | @a20130530d2009 km y0chiy0120 ea | |
| 101 | 0 | @achi |
| 102 | @aCN@b430000 | |
| 200 | 1 | @a隧道工程@Asui dao gong cheng@f彭立敏,刘小兵主编@Fpeng li min,liu xiao bing zhu bian |
| 210 | @a长沙@c中南大学出版社@d2009.09 | |
| 215 | @a329页@d28cm | |
| 606 | 0 | @a隧道工程 |
| 690 | @aU45@v4 | |
| 701 | 0 | @a彭立敏@Apeng li min@4主编 |
| 701 | 0 | @a刘小兵@Aliu xiao bing@4主编 |
| 801 | 0 | @aCN@b大连网信软件有限公司图书馆·11@c20130530 |
| 905 | @aZUCC@dU45@eP5141 | |
| 隧道工程/彭立敏,刘小兵主编.-长沙:中南大学出版社,2009.09 |
| 329页;28cm |
| ISBN 7-81105-844-8:CNY45.00 |
| ● |
| 相关链接 |
|
|
|
正题名:隧道工程
索取号:U45/P5141
 
预约/预借
| 序号 | 登录号 | 条形码 | 馆藏地/架位号 | 状态 | 备注 |
| 1 | 490776 | 204907761 | 自科库501/501自科库 55排5列2层/ [索取号:U45/P5141] | 在馆 |